[Event "FIN-chT 2324"]
[Site "Finland"]
[Date "2023.09.24"]
[Round "2.4"]
[White "Jarvenpaa, Jari"]
[Black "Franssila, Tommi"]
[Result "1-0"]
[WhiteElo "2242"]
[BlackElo "2214"]
[PlyCount "103"]
[EventDate "2023.09.23"]
[EventType "team-tourn"]
[EventRounds "12"]
[EventCountry "FIN"]
[SourceTitle "EXT 2024"]
[Source "ChessBase"]
[SourceDate "2023.10.10"]
[SourceVersion "1"]
[SourceVersionDate "2023.10.10"]
[SourceQuality "1"]
[WhiteTeam "Turku TuTS"]
[BlackTeam "Jyvaskyla JyS"]
[WhiteTeamCountry "FIN"]
[BlackTeamCountry "FIN"]

1. c4 e5 2. g3 g6 3. d4 exd4 4. Qxd4 Qf6 5. Qe3+ Qe7 6. Nc3 Bg7 7. Nd5 Qxe3 8. Bxe3 Na6 9. 0-0-0 Ne7 10. Nxe7 Kxe7 11. Nh3 d6 12. Nf4 c6 13. Bg2 Bf5 14. Bd2 Nc5 15. e4 Bg4 16. f3 Be6 17. b3 a5 18. Kc2 Rhc8 19. Bc3 Be5 20. Nxe6 fxe6 21. Be1 b5 22. f4 Bg7 23. e5 d5 24. Bf2 Na6 25. Rd2 Bf8 26. g4 Rab8 27. cxb5 cxb5+ 28. Kb1 Bh6 29. Bh4+ Kd7 30. Rf2 a4 31. f5 Bg7 32. fxg6 Bxe5 33. Rf7+ Kd6 34. Be7+ Kd7 35. Bf8+ Ke8 36. Rhf1 hxg6 37. Re7+ Kd8 38. Rxe6 Kd7 39. Re7+ Kc6 40. Re6+ Kd7 41. Re7+ Kd6 42. Rxe5+ Kxe5 43. Bg7+ Kd6 44. Rf6+ Kc5 45. Rxa6 axb3 46. axb3 Re8 47. Bf3 Re1+ 48. Kc2 Rf1 49. Be2 Rf2 50. Kd3 Rxh2 51. Bd4+ Kb4 52. Bc3+ 1-0

[Event "FIN-chT 2022"]
[Site "Finland"]
[Date "2022.04.09"]
[Round "4.3"]
[White "Franssila, Tommi"]
[Black "Henriksson, Svante"]
[Result "1/2-1/2"]
[WhiteElo "2210"]
[BlackElo "2124"]
[PlyCount "111"]
[EventDate "2020.09.12"]
[EventType "team-tourn"]
[EventRounds "11"]
[EventCountry "FIN"]
[SourceTitle "EXT 2023"]
[Source "ChessBase"]
[SourceDate "2022.10.05"]
[SourceVersion "1"]
[SourceVersionDate "2022.10.05"]
[SourceQuality "1"]
[WhiteTeam "Jyvaskyla JyS"]
[BlackTeam "Helsinki Ninja"]
[WhiteTeamCountry "FIN"]
[BlackTeamCountry "FIN"]

1. e4 c5 2. c3 Nf6 3. e5 Nd5 4. d4 cxd4 5. Nf3 d6 6. cxd4 Nc6 7. Bc4 Nb6 8. Bb5 dxe5 9. Nxe5 Bd7 10. Nxd7 Qxd7 11. 0-0 e6 12. Nc3 Be7 13. Qg4 Kf8 14. Rd1 a6 15. Be2 Rd8 16. Be3 Nd5 17. Nxd5 exd5 18. Qxd7 Rxd7 19. Rac1 a5 20. Bb5 Rc7 21. Bd2 Bb4 22. Bxb4+ axb4 23. Rc5 Ke7 24. Rxd5 Ra8 25. Re1+ Kf8 26. Rc5 Re7 27. Rec1 Rd8 28. d5 Nd4 29. Kf1 Re5 30. Bc4 b6 31. Rc7 b5 32. Rd1 Ne6 33. Rxf7+ Kxf7 34. dxe6+ Ke7 35. Rxd8 Kxd8 36. Bb3 g5 37. f3 Rc5 38. Kf2 Ke7 39. Kg3 Kf6 40. h4 h6 41. hxg5+ hxg5 42. f4 Rc1 43. fxg5+ Kxg5 44. Kf2 Kf6 45. Ke3 Re1+ 46. Kd4 Re5 47. Bd5 Rg5 48. Kc5 Ke7 49. Kc6 Re5 50. Bb3 Rg5 51. g3 Re5 52. Kc7 Rg5 53. Kc6 Re5 54. Bd5 Rg5 55. Bb3 Re5 56. Bd5 1/2-1/2

[Event "FIN-chT 1920"]
[Site "Finland"]
[Date "2019.10.19"]
[Round "3.4"]
[White "Franssila, Tommi"]
[Black "Kokkila, Tero"]
[Result "1/2-1/2"]
[WhiteElo "2244"]
[BlackElo "2247"]
[PlyCount "68"]
[EventDate "2019.09.14"]
[EventType "team-tourn"]
[EventRounds "11"]
[EventCountry "FIN"]
[SourceTitle "CBM 192 Extra"]
[Source "Chessbase"]
[SourceDate "2019.11.06"]
[SourceVersion "1"]
[SourceVersionDate "2019.11.06"]
[SourceQuality "1"]
[WhiteTeam "Jyvaskyla JyS"]
[BlackTeam "Vantaa EtVaS"]
[WhiteTeamCountry "FIN"]
[BlackTeamCountry "FIN"]

1. e4 e6 2. d4 d5 3. Nd2 Nf6 4. e5 Nfd7 5. Bd3 c5 6. c3 Nc6 7. Ne2 cxd4 8. cxd4 f6 9. exf6 Nxf6 10. 0-0 Bd6 11. Nf3 0-0 12. Bf4 Bxf4 13. Nxf4 Ng4 14. Ne2 Qd6 15. Ng3 e5 16. dxe5 Ncxe5 17. Be4 Nf6 18. Nxe5 Nxe4 19. Qd4 Re8 20. f4 Nxg3 21. hxg3 Bf5 22. Rfd1 Red8 23. Rac1 Be4 24. Rc3 Qb6 25. Qxb6 axb6 26. a3 Rac8 27. Rxc8 Rxc8 28. Rd2 h6 29. Kf2 Rc1 30. Nd7 b5 31. Nb6 Rc6 32. Nd7 Rc1 33. Nb6 Rc6 34. Nd7 Rc1 1/2-1/2

[Event "FIN-chT 1819"]
[Site "Finland"]
[Date "2018.12.09"]
[Round "6.3"]
[White "Franssila, Tommi"]
[Black "Lehtioksa, Jorma"]
[Result "1-0"]
[WhiteElo "2232"]
[BlackElo "2199"]
[PlyCount "125"]
[EventDate "2018.09.15"]
[EventType "team-tourn"]
[EventRounds "11"]
[EventCountry "FIN"]
[SourceTitle "CBM 187 Extra"]
[Source "ChessBase"]
[SourceDate "2018.11.04"]
[SourceVersion "1"]
[SourceVersionDate "2018.11.04"]
[SourceQuality "1"]
[WhiteTeam "Jyvaskyla JyS"]
[BlackTeam "Helsinki KS 58"]
[WhiteTeamCountry "FIN"]
[BlackTeamCountry "FIN"]

1. e4 c5 2. c3 Nf6 3. e5 Nd5 4. d4 cxd4 5. Nf3 e6 6. cxd4 d6 7. Bc4 Nc6 8. 0-0 Be7 9. Qe2 0-0 10. a3 a6 11. Rd1 b5 12. Bd3 Bb7 13. Qe4 g6 14. Bh6 Re8 15. Nbd2 f5 16. exf6 Bxf6 17. Qg4 Bg7 18. Bxg7 Kxg7 19. Ng5 Qd7 20. Re1 Re7 21. Rxe6 Nf6 22. Rxe7+ Qxe7 23. Qh4 h6 24. Ngf3 g5 25. Qg3 Nh5 26. Qg4 Nf6 27. Qf5 Qf7 28. Ne4 Ne7 29. Nxd6 Nxf5 30. Nxf7 Nxd4 31. N7xg5 Nxf3+ 32. Nxf3 Bxf3 33. gxf3 Rd8 34. Be4 Rd2 35. Rc1 Rxb2 36. Rc7+ Kf8 37. Rc6 Ke7 38. Rxa6 b4 39. axb4 Rxb4 40. Kg2 h5 41. Ra5 Nxe4 42. Re5+ Kf6 43. Rxe4 Rb2 44. Kg3 Kf5 45. Ra4 Rb5 46. h4 Rb1 47. Ra6 Rg1+ 48. Kh2 Rg8 49. Ra7 Kf4 50. Rf7+ Ke5 51. Kh3 Rg1 52. Rh7 Kf4 53. Rxh5 Kxf3 54. Rf5+ Ke4 55. Rf8 Ke5 56. h5 Ke6 57. Kh4 Rh1+ 58. Kg5 Rg1+ 59. Kh6 Ke7 60. Rf5 Ke6 61. Rf3 Rh1 62. Kg6 Rg1+ 63. Rg3 1-0

[Event "FIN-chT 1819"]
[Site "Finland"]
[Date "2018.12.08"]
[Round "5.3"]
[White "Jarvenpaa, Jari"]
[Black "Franssila, Tommi"]
[Result "1/2-1/2"]
[WhiteElo "2307"]
[BlackElo "2232"]
[PlyCount "67"]
[EventDate "2018.09.15"]
[EventType "team-tourn"]
[EventRounds "11"]
[EventCountry "FIN"]
[SourceTitle "CBM 187 Extra"]
[Source "ChessBase"]
[SourceDate "2018.11.04"]
[SourceVersion "1"]
[SourceVersionDate "2018.11.04"]
[SourceQuality "1"]
[WhiteTeam "Salo SalSK"]
[BlackTeam "Jyvaskyla JyS"]
[WhiteTeamCountry "FIN"]
[BlackTeamCountry "FIN"]

1. e4 c5 2. c3 Nf6 3. e5 Nd5 4. g3 d6 5. exd6 e6 6. Bg2 Bxd6 7. Nf3 Nc6 8. d4 cxd4 9. Nxd4 Nxd4 10. Qxd4 0-0 11. 0-0 Qc7 12. Nd2 Bd7 13. Nf3 Rad8 14. Qd3 a6 15. c4 Nb4 16. Qc3 b5 17. a3 Nc6 18. c5 Be7 19. Bf4 Qc8 20. Rad1 Bf6 21. Qc2 e5 22. Ng5 Bf5 23. Be4 Bxe4 24. Qxe4 Bxg5 25. Bxg5 Rd4 26. Qb1 Rxd1 27. Qxd1 Nd4 28. Be7 Re8 29. Bd6 Qc6 30. f4 f6 31. fxe5 fxe5 32. Bxe5 Rxe5 33. Qxd4 Qxc5 34. Qxc5 1/2-1/2

[Event "Heart of Finland op 28th"]
[Site "Jyvaskyla"]
[Date "2018.07.17"]
[Round "2"]
[White "Lyly, Seppo"]
[Black "Franssila, Tommi"]
[Result "1/2-1/2"]
[WhiteElo "1906"]
[BlackElo "2254"]
[PlyCount "83"]
[EventDate "2018.07.16"]
[EventType "swiss"]
[EventRounds "9"]
[EventCountry "FIN"]
[SourceTitle "EXT 2021"]
[Source "ChessBase"]
[SourceDate "2020.10.23"]
[SourceVersion "1"]
[SourceVersionDate "2020.10.23"]
[SourceQuality "1"]

1. e4 c5 2. Nf3 Nc6 3. d4 cxd4 4. Nxd4 Nf6 5. Nc3 e5 6. Ndb5 d6 7. Bg5 a6 8. Bxf6 gxf6 9. Na3 f5 10. exf5 Bxf5 11. g3 d5 12. Qxd5 Bxa3 13. bxa3 Qe7 14. Bd3 Rd8 15. Qc4 e4 16. Be2 Nd4 17. 0-0 Qxa3 18. Bh5 Be6 19. Qc7 Nf3+ 20. Bxf3 exf3 21. Qe5 Kd7 22. Nd5 Qd6 23. Nf6+ Kc7 24. Qc3+ Qc6 25. Qe5+ Kc8 26. Rfe1 Qc7 27. Qe3 Kb8 28. Qxf3 Rd2 29. c4 Rhd8 30. Re3 Bxc4 31. Rc3 Be2 32. Qe3 Qd6 33. Ne4 Rd1+ 34. Kg2 Bf1+ 35. Kf3 Qe5 36. Rxd1 Qh5+ 37. g4 Qh3+ 38. Ng3 Rxd1 39. Qe8+ Ka7 40. Qe3+ Kb8 41. Qe8+ Ka7 42. Qe3+ 1/2-1/2

[Event "Heart of Finland op 28th"]
[Site "Jyvaskyla"]
[Date "2018.07.16"]
[Round "1"]
[White "Franssila, Tommi"]
[Black "Seppala, Aki"]
[Result "0-1"]
[WhiteElo "2254"]
[BlackElo "2048"]
[PlyCount "64"]
[EventDate "2018.07.16"]
[EventType "swiss"]
[EventRounds "9"]
[EventCountry "FIN"]
[SourceTitle "CBM 185 Extra"]
[Source "ChessBase"]
[SourceDate "2018.07.29"]
[SourceVersion "1"]
[SourceVersionDate "2018.07.29"]
[SourceQuality "1"]

1. d4 Nf6 2. Nc3 d5 3. Bg5 Bf5 4. f3 Nc6 5. e3 a6 6. Nge2 h6 7. Bxf6 gxf6 8. Nf4 e6 9. e4 dxe4 10. fxe4 Qxd4 11. Qxd4 Nxd4 12. exf5 Nxc2+ 13. Kd2 Nxa1 14. fxe6 0-0-0+ 15. Bd3 Bd6 16. Nfe2 Nb3+ 17. axb3 fxe6 18. Kc2 Be5 19. g3 Rd6 20. b4 Rhd8 21. Nc1 Rb6 22. Bc4 Rd4 23. b3 Rxb4 24. Bxe6+ Kd8 25. Nd3 Rb6 26. Bf5 Rc6 27. Nxe5 fxe5 28. Re1 b5 29. Be4 Rc5 30. b4 Rxb4 31. Rd1+ Rd4 32. Kb2 Rxc3 0-1

[Event "FIN-chT 1718"]
[Site "Finland"]
[Date "2018.03.10"]
[Round "10.5"]
[White "Franssila, Tommi"]
[Black "Makinen, Ilkka"]
[Result "1-0"]
[WhiteElo "2229"]
[BlackElo "2114"]
[PlyCount "43"]
[EventDate "2017.09.16"]
[EventType "team-tourn"]
[EventRounds "11"]
[EventCountry "FIN"]
[SourceTitle "EXT 2019"]
[Source "ChessBase"]
[SourceDate "2018.10.10"]
[SourceVersion "1"]
[SourceVersionDate "2018.10.10"]
[SourceQuality "1"]
[WhiteTeam "Jyvaskyla JyS"]
[BlackTeam "Helsinki HSK"]
[WhiteTeamCountry "FIN"]
[BlackTeamCountry "FIN"]

1. e4 g6 2. d4 Bg7 3. Nc3 c6 4. f4 d5 5. e5 h5 6. Bd3 Nh6 7. Nf3 b5 8. 0-0 Qb6 9. a4 b4 10. a5 Qc7 11. Ne2 0-0 12. Kh1 Na6 13. Be3 Qb7 14. Nc1 Nf5 15. Bf2 Bh6 16. Qd2 f6 17. h3 c5 18. dxc5 d4 19. Nb3 fxe5 20. Nxe5 Rf6 21. Nxd4 Nxc5 22. Nxf5 1-0

[Event "FIN-chT 1718"]
[Site "Finland"]
[Date "2017.10.22"]
[Round "4.5"]
[White "Lehtosaari, Mauri"]
[Black "Franssila, Tommi"]
[Result "1/2-1/2"]
[WhiteElo "2157"]
[BlackElo "2229"]
[PlyCount "79"]
[EventDate "2017.09.16"]
[EventType "team-tourn"]
[EventRounds "11"]
[EventCountry "FIN"]
[SourceTitle "EXT 2019"]
[Source "ChessBase"]
[SourceDate "2018.10.10"]
[SourceVersion "1"]
[SourceVersionDate "2018.10.10"]
[SourceQuality "1"]
[WhiteTeam "Kotka KymS"]
[BlackTeam "Jyvaskyla JyS"]
[WhiteTeamCountry "FIN"]
[BlackTeamCountry "FIN"]

1. Nf3 d5 2. d4 Nc6 3. Bf4 Bg4 4. e3 e6 5. c3 Bd6 6. Nbd2 Nf6 7. Qb3 Bxf4 8. exf4 Bxf3 9. Nxf3 Rb8 10. Bd3 0-0 11. 0-0 Qd6 12. g3 Ne7 13. Rfe1 Rfc8 14. Ne5 c5 15. Qa3 a6 16. Rad1 b5 17. dxc5 Rxc5 18. Bf1 Qb6 19. Bg2 a5 20. Re2 b4 21. cxb4 axb4 22. Qe3 Nf5 23. Qd3 h5 24. Bf3 Rbc8 25. Red2 Nd6 26. Kg2 Qb7 27. Qd4 Nfe4 28. Bxe4 Nxe4 29. Re2 Rc2 30. Rde1 b3 31. axb3 Qxb3 32. Rxc2 Rxc2 33. Rxe4 dxe4 34. Qd8+ Kh7 35. Nxf7 Qf3+ 36. Kh3 Qg4+ 37. Kg2 Qf3+ 38. Kh3 Qg4+ 39. Kg2 Qf3+ 40. Kh3 1/2-1/2

[Event "Heart of Finland op 27th"]
[Site "Jyvaskyla"]
[Date "2017.07.20"]
[Round "5"]
[White "Penttila, Tero"]
[Black "Franssila, Tommi"]
[Result "0-1"]
[WhiteElo "1969"]
[BlackElo "2235"]
[PlyCount "70"]
[EventDate "2017.07.17"]
[EventType "swiss"]
[EventRounds "9"]
[EventCountry "FIN"]
[SourceTitle "CBM 179 Extra"]
[Source "ChessBase"]
[SourceDate "2017.08.23"]
[SourceVersion "1"]
[SourceVersionDate "2017.08.23"]
[SourceQuality "1"]

1. e4 c6 2. d4 d5 3. f3 dxe4 4. fxe4 e5 5. Nf3 Bg4 6. Bc4 Nd7 7. 0-0 Ngf6 8. c3 Bh5 9. Qe1 Bd6 10. Bg5 Qc7 11. Nbd2 0-0 12. Qh4 Bg6 13. Rae1 Rfe8 14. Bb3 b5 15. Re2 c5 16. dxc5 Bxc5+ 17. Kh1 Be7 18. c4 h6 19. Bxf6 Bxf6 20. Qf2 b4 21. Nh4 Bxh4 22. Qxh4 Nc5 23. Bc2 a5 24. Re3 Qd8 25. Qf2 Qd4 26. b3 Qb2 27. Nf3 Qxa2 28. Nh4 Kh7 29. Rf3 Ne6 30. Nxg6 fxg6 31. Rf7 Rf8 32. Bd3 Qxb3 33. Be2 Qc2 34. Qe3 Rxf7 35. Rxf7 Rf8 0-1

[Event "Heart of Finland op 27th"]
[Site "Jyvaskyla"]
[Date "2017.07.18"]
[Round "2"]
[White "Kulaots, Kaido"]
[Black "Franssila, Tommi"]
[Result "1-0"]
[WhiteElo "2573"]
[BlackElo "2235"]
[PlyCount "73"]
[EventDate "2017.07.17"]
[EventType "swiss"]
[EventRounds "9"]
[EventCountry "FIN"]
[SourceTitle "CBM 179 Extra"]
[Source "ChessBase"]
[SourceDate "2017.08.23"]
[SourceVersion "1"]
[SourceVersionDate "2017.08.23"]
[SourceQuality "1"]

1. c4 e5 2. Nc3 d6 3. g3 f5 4. Bg2 Nf6 5. d3 Be7 6. e4 Nc6 7. Nge2 0-0 8. h3 Qe8 9. exf5 Bxf5 10. g4 Bg6 11. a3 h5 12. Be3 Bd8 13. g5 Nh7 14. h4 Ne7 15. Ng3 c6 16. Bf3 Bb6 17. Bxh5 Bxe3 18. fxe3 Bxh5 19. Nxh5 Nf5 20. Rh3 Rd8 21. Qe2 d5 22. 0-0-0 b5 23. Rg1 bxc4 24. g6 Nf6 25. dxc4 Nxh5 26. Qxh5 Nh6 27. Rf3 Qe6 28. cxd5 cxd5 29. Rxf8+ Rxf8 30. Rd1 Rf5 31. Qe2 Qxg6 32. Nxd5 Qf7 33. Qc4 Kh7 34. Kb1 Qh5 35. Rg1 Qf3 36. Qd3 Qf2 37. Nf6+ 1-0

[Event "FIN-chT 1617"]
[Site "Finland"]
[Date "2016.12.11"]
[Round "6.6"]
[White "Franssila, Tommi"]
[Black "Hynninen, Juha"]
[Result "1-0"]
[WhiteElo "2198"]
[BlackElo "2226"]
[PlyCount "57"]
[EventDate "2016.09.17"]
[EventType "team-tourn"]
[EventRounds "11"]
[EventCountry "FIN"]
[SourceTitle "EXT 2018"]
[Source "ChessBase"]
[SourceDate "2017.10.13"]
[SourceVersion "1"]
[SourceVersionDate "2017.10.13"]
[SourceQuality "1"]
[WhiteTeam "Jyvaskyla JyS"]
[BlackTeam "Salo SalSK"]
[WhiteTeamCountry "FIN"]
[BlackTeamCountry "FIN"]

1. e4 e5 2. Nc3 Bc5 3. Bc4 Nf6 4. d3 d6 5. f4 Nc6 6. Nf3 Bg4 7. Na4 0-0 8. Nxc5 dxc5 9. 0-0 Qd6 10. Qd2 Rad8 11. fxe5 Nxe5 12. Nxe5 Qxe5 13. Qg5 Rfe8 14. Qxe5 Rxe5 15. h3 Bh5 16. Bf4 Re7 17. Bg5 h6 18. Bxf6 gxf6 19. Rxf6 Re5 20. Raf1 Rd7 21. Rxh6 Kg7 22. Rhf6 Bg6 23. g4 c6 24. a4 b5 25. axb5 cxb5 26. Bxb5 Rb7 27. Bc4 Rxb2 28. Bxf7 Bh7 29. Bb3 1-0

[Event "FIN-chT 1617"]
[Site "Finland"]
[Date "2016.10.08"]
[Round "3.7"]
[White "Salonen, Jyrki"]
[Black "Franssila, Tommi"]
[Result "1/2-1/2"]
[WhiteElo "2225"]
[BlackElo "2198"]
[PlyCount "94"]
[EventDate "2016.09.17"]
[EventType "team-tourn"]
[EventRounds "11"]
[EventCountry "FIN"]
[SourceTitle "EXT 2017"]
[Source "ChessBase"]
[SourceDate "2016.10.25"]
[SourceVersion "1"]
[SourceVersionDate "2016.10.25"]
[SourceQuality "1"]
[WhiteTeam "Helsinki KS 58"]
[BlackTeam "Jyvaskyla JyS"]
[WhiteTeamCountry "FIN"]
[BlackTeamCountry "FIN"]

1. e4 c5 2. g3 e6 3. d3 d5 4. Bg2 dxe4 5. dxe4 Qxd1+ 6. Kxd1 Nc6 7. c3 b6 8. Nh3 Bb7 9. f3 Be7 10. Kc2 Nf6 11. Nf2 0-0 12. Nd2 Rfd8 13. Rd1 Ba6 14. Bf1 Bxf1 15. Nxf1 Ne5 16. Rxd8+ Rxd8 17. f4 Neg4 18. Nxg4 Nxg4 19. Be3 f5 20. e5 g5 21. Rd1 Rxd1 22. Kxd1 Nxe3+ 23. Nxe3 b5 24. c4 a6 25. Ng2 g4 26. Kc2 Kf7 27. Kb3 Ke8 28. a4 b4 29. Kc2 h5 30. b3 h4 31. gxh4 Kf7 32. Kd3 Kg6 33. Ke3 Kh5 34. Kf2 Bxh4+ 35. Ke2 Be7 36. Ke3 Bf8 37. Kf2 Bg7 38. Kg3 Bh6 39. h3 gxh3 40. Kxh3 Bf8 41. Kg3 Be7 42. Kf3 Bh4 43. Ne3 Be1 44. Ng2 Bd2 45. Ke2 Bc3 46. Kf3 Bd4 47. Kg3 Bc3 1/2-1/2

[Event "FIN-chT 1617"]
[Site "Finland"]
[Date "2016.09.18"]
[Round "2.5"]
[White "Franssila, Tommi"]
[Black "Hokkanen, Petri"]
[Result "1/2-1/2"]
[WhiteElo "2198"]
[BlackElo "2251"]
[PlyCount "49"]
[EventDate "2016.09.17"]
[EventType "team-tourn"]
[EventRounds "11"]
[EventCountry "FIN"]
[SourceTitle "CBM 174 Extra"]
[Source "ChessBase"]
[SourceDate "2016.10.10"]
[SourceVersion "1"]
[SourceVersionDate "2016.10.10"]
[SourceQuality "1"]
[WhiteTeam "Jyvaskyla JyS"]
[BlackTeam "Helsinki Velhot"]
[WhiteTeamCountry "FIN"]
[BlackTeamCountry "FIN"]

1. e4 d6 2. d4 Nf6 3. Nc3 g6 4. Bg5 Bg7 5. Qd2 c6 6. e5 dxe5 7. dxe5 Qxd2+ 8. Bxd2 Nd5 9. Nxd5 cxd5 10. f4 Bf5 11. Bd3 Nc6 12. Bxf5 gxf5 13. Nf3 e6 14. Be3 Rc8 15. 0-0-0 Bf8 16. Rhe1 b6 17. Nd4 Nxd4 18. Bxd4 Rg8 19. g3 h5 20. Re3 h4 21. Rdd3 hxg3 22. Rxg3 Rxg3 23. hxg3 Be7 24. Rd1 Kf8 25. Kd2 1/2-1/2

[Event "Heart of Finland op 25th"]
[Site "Jyvaskyla"]
[Date "2015.07.16"]
[Round "6"]
[White "Meskanen, Vesa"]
[Black "Franssila, Tommi"]
[Result "0-1"]
[WhiteElo "2071"]
[BlackElo "2198"]
[PlyCount "88"]
[EventDate "2015.07.13"]
[EventType "swiss"]
[EventRounds "9"]
[EventCountry "FIN"]
[SourceTitle "CBM 167 Extra"]
[Source "ChessBase"]
[SourceDate "2015.09.14"]
[SourceVersion "1"]
[SourceVersionDate "2015.09.14"]
[SourceQuality "1"]

1. d4 f5 2. g3 Nf6 3. Bg2 e6 4. b3 Be7 5. Bb2 0-0 6. Nd2 Nc6 7. e4 fxe4 8. Nxe4 Nxe4 9. Bxe4 Qe8 10. Nh3 d6 11. 0-0 e5 12. Bg2 Nxd4 13. Bxd4 exd4 14. Qxd4 Bf6 15. Qc4+ Be6 16. Bd5 Bxd5 17. Qxd5+ Qf7 18. Qxf7+ Kxf7 19. Rae1 Rae8 20. Kg2 d5 21. Nf4 c6 22. Rxe8 Rxe8 23. Kf3 g5 24. Nd3 Bc3 25. g4 Re4 26. h3 b6 27. Nc1 Rf4+ 28. Ke2 Re4+ 29. Kf3 Rf4+ 30. Ke2 c5 31. f3 Rd4 32. Rd1 Rxd1 33. Kxd1 Ke6 34. Ne2 Be5 35. Kd2 d4 36. Kd1 b5 37. Nc1 c4 38. b4 Kd5 39. a3 Bc7 40. Ne2 Be5 41. Kd2 a6 42. Kd1 d3 43. Nc1 dxc2+ 44. Kxc2 Kd4 0-1

[Event "Jyvaskyla Winter Weekend A"]
[Site "Jyvaskyla"]
[Date "2015.01.25"]
[Round "4"]
[White "Franssila, Tommi"]
[Black "Chernyak, Viktoria"]
[Result "1-0"]
[WhiteElo "2207"]
[BlackElo "2125"]
[PlyCount "161"]
[EventDate "2015.01.23"]
[EventType "swiss"]
[EventRounds "5"]
[EventCountry "FIN"]
[SourceTitle "EXT 2022"]
[Source "ChessBase"]
[SourceDate "2021.10.06"]
[SourceVersion "1"]
[SourceVersionDate "2021.10.06"]
[SourceQuality "1"]

1. e4 c5 2. c3 d5 3. exd5 Qxd5 4. d4 Nf6 5. Nf3 e6 6. Na3 Be7 7. Nb5 Qd8 8. dxc5 Bxc5 9. Qxd8+ Kxd8 10. Bf4 Nd5 11. 0-0-0 Nd7 12. Bg3 a6 13. Nd6 Ke7 14. Ne4 b5 15. Nd4 Bb7 16. Nb3 Bb6 17. Bd6+ Ke8 18. Ba3 Bc7 19. Na5 Ra7 20. Nxb7 Rxb7 21. Nd6+ Bxd6 22. Bxd6 N7b6 23. Be2 Kd7 24. Bg3 Rc8 25. Kb1 Ke7 26. Rhe1 Kf8 27. Bf3 a5 28. Rc1 Rd7 29. Be2 Nc4 30. Red1 Rb7 31. b3 Ncb6 32. Kb2 Nd7 33. Bxb5 Rxb5 34. c4 Rb6 35. cxd5 Rxc1 36. Kxc1 e5 37. f3 Ke7 38. Kb2 Kd6 39. Be1 Rb5 40. a4 Rc5 41. b4 Rxd5 42. Rxd5+ Kxd5 43. bxa5 Nc5 44. Ka3 Kc4 45. Bb4 Na6 46. Bd6 Kd4 47. Kb3 f5 48. Kc2 g5 49. Kd2 h5 50. Be7 g4 51. fxg4 fxg4 52. Ke2 Ke4 53. Kf2 Kf4 54. Bd6 Kf5 55. Kg3 Ke6 56. Bf8 Kf7 57. Bh6 Kg6 58. Be3 Kf5 59. Kh4 Kg6 60. Bb6 Nb4 61. Bc5 Na6 62. Bd6 e4 63. Kg3 Kf5 64. Kf2 Ke6 65. Bg3 Nc5 66. Ke3 Kd5 67. Bc7 Na6 68. Bg3 Nc5 69. Kf4 Nxa4 70. Bf2 Nc3 71. a6 Nb5 72. a7 Nc7 73. Kg5 Ke6 74. Kxh5 Kf5 75. Be3 Na8 76. Kh6 Kf6 77. Bd4+ Kf5 78. g3 Nc7 79. Kg7 Ke6 80. Kg6 Kd5 81. Bg1 1-0